| 000 | 00731nam a2200217Ia 4500 | ||
|---|---|---|---|
| 003 | IN-BaIIA | ||
| 008 | 211028s9999 xx 000 0 eng d | ||
| 040 | _cIIA Library | ||
| 080 |
_a52-732 _bFIC |
||
| 100 |
_aFichtel, Carl E. _912636 |
||
| 245 | 0 |
_aGamma ray astrophysics _bnew insight into the universe _cCarl E. Fichtel and Jacob I. Trombka |
|
| 260 |
_aWashington _bNational Aeronautics and Space Administration _c1981 |
||
| 300 | _axii, 401p. | ||
| 490 | _aNASA SP; 453 | ||
| 650 | _aAstronomy and astrophysics thesaurus | ||
| 650 |
_aGamma ray astronomy _97465 |
||
| 650 |
_aSpace astronomy _93005 |
||
| 650 |
_aUniverse _91987 |
||
| 700 |
_aTrombka, Jacob I _910404 |
||
| 942 | _cBK | ||
| 999 |
_c7372 _d7372 |
||